[Event "VIII Weekend A"]
[Site "Ceriano Laghetto ITA"]
[Date "1999.02.07"]
[Round "2"]
[White "Cazzaniga, Walter"]
[Black "Crippa, Gabriele"]
[Result "1-0"]
[WhiteElo "2151"]
[BlackElo "2148"]
[PlyCount "65"]
[EventDate "1999.02.06"]

1. d4 Nf6 2. c4 c5 3. d5 b5 4. cxb5 a6 5. b6 g6 6. Nc3 Bg7 7. Nf3 d6 8. a4 a5
9. e4 Nfd7 10. Bb5 O-O 11. O-O Nxb6 12. Bf4 Na6 13. Qd2 Nb4 14. Bh6 Ba6 15.
Bxg7 Kxg7 16. Rad1 f6 17. Ne1 Bxb5 18. axb5 a4 19. Ra1 Ra5 20. Qe2 Qc7 21. g3
Rfa8 22. Ra3 Nd7 23. Ng2 c4 24. Nf4 Kf7 25. Ne6 Qc8 26. f4 Nd3 27. h4 Rb8 28.
h5 Raxb5 29. Nxb5 Rxb5 30. Rxa4 Rxb2 31. Qg4 Qb8 32. hxg6+ hxg6 33. Qh3 1-0

[Event "VIII Weekend A"]
[Site "Ceriano Laghetto ITA"]
[Date "1999.02.07"]
[Round "2"]
[White "Galli, Fabio"]
[Black "Everet, Alexandro"]
[Result "0-1"]
[WhiteElo "1900"]
[BlackElo "2253"]
[PlyCount "112"]
[EventDate "1999.02.06"]

1. e4 g6 2. d4 Bg7 3. c3 Nf6 4. Bd3 O-O 5. Nf3 d6 6. Bg5 c6 7. Qd2 Re8 8. h4 d5
9. e5 Ne4 10. Bxe4 dxe4 11. Ng1 c5 12. h5 cxd4 13. hxg6 hxg6 14. Bh6 Bxe5 15.
Qg5 Bf6 16. Qg3 Nc6 17. Qh2 e5 18. Bg5 Qd6 19. Nd2 Bf5 20. g4 Kf8 21. Bxf6 Qxf6
22. Qh8+ Ke7 23. Qxf6+ Kxf6 24. gxf5 gxf5 25. Ne2 Rh8 26. O-O-O Rag8 27. Rxh8
Rxh8 28. cxd4 exd4 29. Nxd4 Nxd4 30. Nxe4+ fxe4 31. Rxd4 Ke5 32. Rd7 f5 33. Kd2
Kf4 34. Ke2 Rc8 35. Rxb7 Rc2+ 36. Kf1 a5 37. Rb3 Kg4 38. Rg3+ Kh4 39. Ra3 f4
40. Rxa5 Kg4 41. Ke1 Rxb2 42. Ra3 Rc2 43. Rb3 Rxa2 44. Rc3 Ra1+ 45. Kd2 f3 46.
Rc8 Kh3 47. Rg8 Kh2 48. Rg4 Rg1 49. Rxe4 Kg2 50. Re8 Kxf2 51. Rf8 Rg7 52. Rd8
Re7 53. Rd6 Kf1 54. Rd8 f2 55. Rd6 Rg7 56. Rd8 Kg1 0-1

[Event "VIII Weekend A"]
[Site "Ceriano Laghetto ITA"]
[Date "1999.02.07"]
[Round "2"]
[White "Tramalloni, Luca"]
[Black "Lapiccirella, Mattia"]
[Result "1-0"]
[WhiteElo "1909"]
[BlackElo "2077"]
[PlyCount "43"]
[EventDate "1999.02.06"]

1. d4 Nf6 2. c4 g6 3. Nc3 Bg7 4. e4 d6 5. Nf3 O-O 6. g3 c5 7. d5 e6 8. Bg2 exd5
9. cxd5 Nxe4 10. Nxe4 Re8 11. Nfd2 f5 12. O-O fxe4 13. Nxe4 Qc7 14. Bf4 Be5 15.
Re1 Nd7 16. Ng5 Nf8 17. Bxe5 Rxe5 18. Rxe5 dxe5 19. d6 Qd8 20. Qd5+ Kg7 21.
Qxe5+ Qf6 22. Qe7+ 1-0

[Event "VIII Weekend A"]
[Site "Ceriano Laghetto ITA"]
[Date "1999.02.07"]
[Round "2"]
[White "Vancini, Edoardo"]
[Black "Pace, Roberto"]
[Result "1/2-1/2"]
[WhiteElo "2249"]
[BlackElo "1839"]
[PlyCount "119"]
[EventDate "1999.02.06"]

1. d4 Nf6 2. Bg5 d5 3. Bxf6 exf6 4. e3 Bd6 5. g3 O-O 6. Bg2 c6 7. Nd2 Qb6 8.
Rb1 Qa5 9. a3 Re8 10. Ne2 Bg4 11. O-O Na6 12. c4 Qd8 13. c5 Bf8 14. b4 Nc7 15.
Nf3 Qd7 16. Rb2 Ne6 17. Qd3 a6 18. a4 Ng5 19. Nxg5 fxg5 20. Nc1 Re6 21. f3 Bh5
22. Bh3 g4 23. fxg4 Bg6 24. Qd2 Qe7 25. Re1 Re8 26. Rb3 Qg5 27. Qf2 Rf6 28. Qe2
Rfe6 29. Bg2 h5 30. gxh5 Bxh5 31. Qf2 Rf6 32. Qd2 Rfe6 33. Bh3 Re4 34. Qf2 g6
35. b5 axb5 36. axb5 Bh6 37. bxc6 bxc6 38. Rb7 R8e7 39. Rxe7 Qxe7 40. Nd3 Rxe3
41. Ne5 Rxe1+ 42. Qxe1 f6 43. g4 fxe5 44. gxh5 Qg5+ 45. Kh1 Qxh5 46. Be6+ Kh7
47. Qf1 Bf4 48. Qf2 Qd1+ 49. Kg2 Qxd4 50. Qh4+ Bh6 51. Qxd4 exd4 52. Kf3 d3 53.
Bd7 Bf8 54. Ke3 Bxc5+ 55. Kxd3 Bg1 56. Bxc6 d4 57. Bf3 Kg7 58. h3 Kf6 59. Bg4
Ke5 60. Bc8 1/2-1/2

[Event "VIII Weekend A"]
[Site "Ceriano Laghetto ITA"]
[Date "1999.02.07"]
[Round "3"]
[White "Aglietti, Graziano"]
[Black "Vancini, Edoardo"]
[Result "0-1"]
[WhiteElo "2039"]
[BlackElo "2249"]
[PlyCount "119"]
[EventDate "1999.02.06"]

1. e4 c5 2. c3 Nf6 3. e5 Nd5 4. d4 cxd4 5. Nf3 e6 6. cxd4 d6 7. Nc3 Nxc3 8.
bxc3 Qc7 9. Bd2 Nd7 10. exd6 Bxd6 11. Bd3 b6 12. Qe2 Bb7 13. Be4 O-O 14. Bxb7
Qxb7 15. O-O Rae8 16. Rfe1 e5 17. dxe5 Nxe5 18. Nxe5 Rxe5 19. Qg4 Rfe8 20. Rxe5
Rxe5 21. Bh6 f5 22. Qc4+ Qf7 23. Qxf7+ Kxf7 24. Be3 Bc5 25. Bxc5 Rxc5 26. Rc1
Rd5 27. Kf1 Rd2 28. c4 Rxa2 29. c5 bxc5 30. Rxc5 Kf6 31. h4 Ra6 32. Rc7 h6 33.
Ke2 Re6+ 34. Kd3 Re7 35. Rc6+ Ke5 36. Ra6 Rf7 37. Ra5+ Kd6 38. Kd4 Kc6 39. Kc4
Kb6 40. Kb4 g6 41. Rb5+ Kc6 42. Ra5 Rb7+ 43. Kc4 Kb6 44. Rb5+ Ka6 45. Rd5 h5
46. Rd6+ Rb6 47. Rd7 Rf6 48. Kc5 f4 49. Rd3 Rf5+ 50. Kc6 Ka5 51. Ra3+ Kb4 52.
Rxa7 Kc4 53. Kd6 Kd3 54. Re7 Ra5 55. Rf7 Ke4 56. Rf6 Ra2 57. Kc5 g5 58. f3+ Ke5
59. Rh6 Rc2+ 60. Kb4 0-1

[Event "VIII Weekend A"]
[Site "Ceriano Laghetto ITA"]
[Date "1999.02.07"]
[Round "3"]
[White "Agrifoglio, Fabio"]
[Black "Barlocco, Carlo"]
[Result "0-1"]
[WhiteElo "2028"]
[BlackElo "2245"]
[PlyCount "92"]
[EventDate "1999.02.06"]

1. d4 g6 2. c4 Bg7 3. Nc3 d6 4. Nf3 Bg4 5. e3 Nc6 6. Be2 e5 7. Nxe5 dxe5 8.
Bxg4 exd4 9. exd4 Qxd4 10. O-O f5 11. Qe2+ Ne5 12. Bf3 O-O-O 13. Bd5 Ne7 14.
Be3 Qd3 15. Be6+ Kb8 16. Qe1 Nxc4 17. Bxa7+ Kxa7 18. Bxc4 Qxc4 19. Qxe7 Bd4 20.
Rac1 Rhe8 21. Qxc7 Qxc7 22. Nb5+ Kb6 23. Nxc7 Re7 24. a4 Re2 25. Nb5 Rxb2 26.
Nxd4 Rxd4 27. Rc8 Rbb4 28. Rh8 Rd7 29. Rc8 Rxa4 30. Rb1+ Ka7 31. Rc2 b5 32. g3
b4 33. Kg2 Kb6 34. h4 Kb5 35. Rbb2 Ra3 36. Rc8 Rb7 37. h5 b3 38. Kh3 Kb4 39.
Rd2 Ra2 40. Rd4+ Kb5 41. Rd3 Kb4 42. Rd4+ Ka5 43. Rd3 b2 44. Rd1 Ka4 45. Rd4+
Kb5 46. Rd5+ Kb6 0-1

[Event "VIII Weekend A"]
[Site "Ceriano Laghetto ITA"]
[Date "1999.02.07"]
[Round "3"]
[White "Crippa, Gabriele"]
[Black "Tramalloni, Luca"]
[Result "1/2-1/2"]
[WhiteElo "2148"]
[BlackElo "1909"]
[PlyCount "30"]
[EventDate "1999.02.06"]

1. d4 Nf6 2. Nf3 d5 3. c4 e6 4. Nc3 Be7 5. Bg5 Nbd7 6. Rc1 O-O 7. cxd5 exd5 8.
e3 c6 9. Bd3 Re8 10. O-O h6 11. Bh4 Ne4 12. Bxe7 Qxe7 13. a3 Ndf6 14. Ne5 Nxc3
15. Rxc3 Nd7 1/2-1/2

[Event "VIII Weekend A"]
[Site "Ceriano Laghetto ITA"]
[Date "1999.02.07"]
[Round "3"]
[White "Everet, Alexandro"]
[Black "Barbero, Gerardo F."]
[Result "1/2-1/2"]
[WhiteElo "2253"]
[BlackElo "2462"]
[PlyCount "80"]
[EventDate "1999.02.06"]

1. d4 Nf6 2. c4 c5 3. Nf3 g6 4. Nc3 Bg7 5. e4 O-O 6. h3 d6 7. Be2 Nc6 8. Be3
Qa5 9. O-O e5 10. dxe5 dxe5 11. Qd6 Nd4 12. Qxe5 Re8 13. Bxd4 Rxe5 14. Bxe5 Bd7
15. Rfe1 Bc6 16. Bd3 Re8 17. Rad1 Nd7 18. Bxg7 Kxg7 19. a3 a6 20. Bc2 b5 21.
cxb5 axb5 22. Rd6 Qc7 23. Red1 Nb6 24. b3 b4 25. axb4 cxb4 26. Na2 Bxe4 27.
Bxe4 Rxe4 28. R6d4 Rxd4 29. Rxd4 Qc2 30. Nxb4 Qb1+ 31. Kh2 Qxb3 32. Nd3 Nd5 33.
g3 Qa2 34. Nfe1 Ne3 35. Kg1 Qe2 36. Ra4 Qf1+ 37. Kh2 Nd1 38. Ra2 Nc3 39. Ra1
Ne2 40. Nc2 Nc1 1/2-1/2

[Event "VIII Weekend A"]
[Site "Ceriano Laghetto ITA"]
[Date "1999.02.07"]
[Round "3"]
[White "Lapiccirella, Mattia"]
[Black "Galli, Fabio"]
[Result "1/2-1/2"]
[WhiteElo "2077"]
[BlackElo "1900"]
[PlyCount "53"]
[EventDate "1999.02.06"]

1. d4 d5 2. c4 e6 3. Nc3 Nf6 4. Bg5 Be7 5. e3 O-O 6. Nf3 h6 7. Bh4 b6 8. Bxf6
Bxf6 9. cxd5 exd5 10. Qb3 c6 11. Be2 Bf5 12. O-O Nd7 13. Rac1 Be6 14. Rfd1 Rc8
15. Qc2 Be7 16. Ba6 Rb8 17. Bd3 Rc8 18. Qe2 Nf6 19. Ne5 Nd7 20. Nf3 Nf6 21. Ba6
Rc7 22. a4 Bg4 23. Bd3 Bb4 24. Na2 Bd6 25. h3 Bxf3 26. Qxf3 Qe7 27. Nc3 1/2-1/2

[Event "VIII Weekend A"]
[Site "Ceriano Laghetto ITA"]
[Date "1999.02.07"]
[Round "3"]
[White "Pace, Roberto"]
[Black "Cazzaniga, Walter"]
[Result "0-1"]
[WhiteElo "1839"]
[BlackElo "2151"]
[PlyCount "122"]
[EventDate "1999.02.06"]

1. e4 e6 2. Qe2 c5 3. g3 Nc6 4. c3 g6 5. Bg2 Bg7 6. f4 Nge7 7. Nf3 O-O 8. O-O
d6 9. d3 b6 10. Rd1 Ba6 11. Qe1 Rc8 12. Be3 Qc7 13. Na3 d5 14. e5 Rfd8 15. Bf2
d4 16. c4 Nb4 17. Nxd4 Nxd3 18. Rxd3 cxd4 19. b3 Nc6 20. Nc2 b5 21. Bxc6 Qxc6
22. Nb4 Qb7 23. Nxa6 bxc4 24. Rxd4 Rxd4 25. Bxd4 Qxa6 26. b4 Qa4 27. Qc3 Bf8
28. a3 a6 29. Rc1 Qc6 30. Kf2 Qd5 31. Be3 Be7 32. Qd4 Qc6 33. Qb6 Qb5 34. Qd4
a5 35. bxa5 Bxa3 36. Rc2 Bc5 37. Qc3 Bxe3+ 38. Kxe3 Qc5+ 39. Kf3 Qd5+ 40. Ke3
Rb8 41. Qd4 Rb3+ 42. Rc3 Qxa5 43. Rxb3 cxb3 44. Kd3 h5 45. h3 Kg7 46. g4 hxg4
47. hxg4 Qb5+ 48. Kc3 b2 49. Qd8 b1=N+ 50. Kc2 Na3+ 51. Kc3 Qc5+ 52. Kb3 Nb5
53. Qf6+ Kg8 54. Qd8+ Qf8 55. Qb6 Qa3+ 56. Kc4 Qa4+ 57. Kd3 Qb3+ 58. Kd2 Qd5+
59. Ke3 g5 60. Qb8+ Kg7 61. f5 Qd4+ 0-1

[Event "VIII Weekend A"]
[Site "Ceriano Laghetto ITA"]
[Date "1999.02.07"]
[Round "3"]
[White "Zanellato, Lorenzo"]
[Black "Candura, Stefano"]
[Result "1/2-1/2"]
[WhiteElo "1902"]
[BlackElo "2109"]
[PlyCount "119"]
[EventDate "1999.02.06"]

1. Nf3 d5 2. d4 Nf6 3. c4 e6 4. Nc3 Nbd7 5. Bf4 c6 6. c5 Be7 7. e3 Nh5 8. Bd3
Nxf4 9. exf4 b6 10. b4 bxc5 11. bxc5 Qc7 12. Ne5 Nxe5 13. fxe5 Qa5 14. Qc2 Ba6
15. O-O Bxd3 16. Qxd3 O-O 17. Rab1 Rab8 18. Qd2 Qc7 19. h3 Rxb1 20. Rxb1 Rb8
21. Qc2 Rb7 22. Rb3 Qb8 23. Kf1 Rxb3 24. Qxb3 Qxb3 25. axb3 f6 26. f4 fxe5 27.
fxe5 Kf7 28. Ke2 Ke8 29. Kd3 Kd7 30. Ne2 Bg5 31. g3 h5 32. Ng1 Ke7 33. Nf3 Bc1
34. Ne1 Kf7 35. Nc2 Ke7 36. Ke2 Bg5 37. Nb4 Kd7 38. Kf3 Bd2 39. Nd3 g5 40. g4
h4 41. Ke2 Bc3 42. Ke3 Kc8 43. Nc1 Kb7 44. Ne2 Ba5 45. Kd3 Ka6 46. Ng1 Kb5 47.
Nf3 Bd8 48. Kc3 a6 49. Kb2 Kb4 50. Ne1 a5 51. Nd3+ Kb5 52. Kc3 a4 53. bxa4+
Kxa4 54. Nc1 Ba5+ 55. Kd3 Kb4 56. Ne2 Kb3 57. Ng1 Kb2 58. Nf3 Bd8 59. Kd2 Kb1
60. Kd1 1/2-1/2

[Event "VIII Weekend A"]
[Site "Ceriano Laghetto ITA"]
[Date "1999.02.13"]
[Round "4"]
[White "Barbero, Gerardo F."]
[Black "Vancini, Edoardo"]
[Result "1-0"]
[WhiteElo "2462"]
[BlackElo "2249"]
[PlyCount "103"]
[EventDate "1999.02.06"]

1. d4 d5 2. c4 c6 3. Nc3 e6 4. g3 f5 5. Nf3 Nf6 6. Bg2 Bd6 7. O-O O-O 8. Qc2
Qe8 9. b3 b6 10. Ne5 Bb7 11. cxd5 cxd5 12. Nc4 Be7 13. Bf4 Nc6 14. Nd6 Nxd4 15.
Qd3 Qc6 16. Rac1 Bxd6 17. Nxd5 Qb5 18. Qxb5 Nxb5 19. Nxf6+ Rxf6 20. Bxb7 Rb8
21. Ba6 Bxf4 22. gxf4 Nd4 23. Rfd1 Rd8 24. Kf1 Rf7 25. Rd3 Rff8 26. Rc4 e5 27.
fxe5 Ne6 28. Rc6 Nc5 29. Bc4+ Kh8 30. Rxd8 Rxd8 31. Bf7 g6 32. Rc7 Kg7 33. Be8+
Kf8 34. Bb5 a6 35. Bc4 Rd7 36. Rc8+ Ke7 37. b4 Ne4 38. Bxa6 Ra7 39. b5 Nc5 40.
Rh8 Ke6 41. Rb8 Na4 42. f4 Kd5 43. Bb7+ Kc5 44. Ba6 Nc3 45. Rc8+ Kd4 46. e3+
Kd3 47. Rc6 Nd5 48. Kf2 Nxe3 49. Rxb6 Nd5 50. Rb7 Ra8 51. Rd7 Kc4 52. Rxd5 1-0

[Event "VIII Weekend A"]
[Site "Ceriano Laghetto ITA"]
[Date "1999.02.13"]
[Round "4"]
[White "Barlocco, Carlo"]
[Black "Aglietti, Graziano"]
[Result "0-1"]
[WhiteElo "2245"]
[BlackElo "2039"]
[PlyCount "98"]
[EventDate "1999.02.06"]

1. Nf3 Nf6 2. g3 g6 3. Bg2 Bg7 4. O-O O-O 5. c4 c5 6. Nc3 Nc6 7. b3 d5 8. cxd5
Nxd5 9. Bb2 Qa5 10. Qc1 Nxc3 11. Bxc3 Bxc3 12. dxc3 c4 13. b4 Qh5 14. a4 Bh3
15. Bxh3 Qxh3 16. b5 Na5 17. Qe3 b6 18. Rad1 Nb3 19. Ne5 Qe6 20. Qf4 a6 21.
Qxc4 Qxe5 22. Qxb3 axb5 23. axb5 Rfc8 24. Rc1 Qxe2 25. Rfe1 Qd2 26. Red1 Qe2
27. Rd4 Ra2 28. Rf4 e6 29. c4 g5 30. Rf3 Rd8 31. Qc3 Rd1+ 32. Rxd1 Qxd1+ 33.
Kg2 Ra1 34. Rd3 Qf1+ 35. Kf3 Qh1+ 36. Kg4 Qe4+ 37. Kh3 Ra8 38. Qd4 Qg6 39. Re3
Rc8 40. Re5 Qf6 41. Rd5 Qh6+ 42. Kg2 exd5 43. Qxd5 Qf6 44. h4 h6 45. hxg5 hxg5
46. f4 gxf4 47. g4 Rc5 48. Qa8+ Kg7 49. Qe4 Re5 0-1

[Event "VIII Weekend A"]
[Site "Ceriano Laghetto ITA"]
[Date "1999.02.13"]
[Round "4"]
[White "Candura, Stefano"]
[Black "Crippa, Gabriele"]
[Result "0-1"]
[WhiteElo "2109"]
[BlackElo "2148"]
[PlyCount "92"]
[EventDate "1999.02.06"]

1. d4 Nf6 2. Nf3 e6 3. c4 d5 4. Nc3 c6 5. Bg5 h6 6. Bh4 Be7 7. e3 Nbd7 8. Qc2
O-O 9. cxd5 exd5 10. Bd3 Re8 11. O-O Ne4 12. Bxe7 Qxe7 13. Rab1 Ndf6 14. b4 Bf5
15. Ne5 Ng4 16. Nxg4 Bxg4 17. b5 Rac8 18. Rb3 Bd7 19. bxc6 Bxc6 20. Qb2 Nd6 21.
Qe2 Qg5 22. Bb5 Nf5 23. Bxc6 bxc6 24. Qf3 Re6 25. Rfb1 Nd6 26. Rb8 Qd8 27. Rxc8
Qxc8 28. Qe2 Nc4 29. Na4 Rg6 30. Nc5 Qh3 31. g3 Nd6 32. Rb8+ Kh7 33. Nd3 Rf6
34. Nf4 Qf5 35. Qd3 Qxd3 36. Nxd3 Nc4 37. Rb7 a5 38. Nc5 Kg6 39. Ra7 Kf5 40.
Nb3 Ke4 41. Nxa5 Kd3 42. Ra6 Ke2 43. Nxc4 dxc4 44. Rb6 c3 45. a4 c2 46. Rb2 Kd1
0-1

[Event "VIII Weekend A"]
[Site "Ceriano Laghetto ITA"]
[Date "1999.02.13"]
[Round "4"]
[White "Cazzaniga, Walter"]
[Black "Everet, Alexandro"]
[Result "0-1"]
[WhiteElo "2151"]
[BlackElo "2253"]
[PlyCount "48"]
[EventDate "1999.02.06"]

1. d4 g6 2. Nf3 Bg7 3. c4 Nf6 4. Nc3 d6 5. e4 O-O 6. Be2 Re8 7. h3 Nc6 8. Bg5
h6 9. Be3 e5 10. dxe5 Nxe5 11. Qd2 Nc6 12. Bxh6 Nxe4 13. Nxe4 Rxe4 14. Bxg7
Kxg7 15. O-O-O Qf6 16. Bd3 Re8 17. Rhe1 Bxh3 18. Ng5 Bf5 19. Bxf5 Qxf5 20. f3
Re5 21. Ne4 Rh8 22. Rh1 Ree8 23. Nc3 Ne5 24. Rhe1 Nd3+ 0-1

[Event "VIII Weekend A"]
[Site "Ceriano Laghetto ITA"]
[Date "1999.02.13"]
[Round "4"]
[White "Galli, Fabio"]
[Black "Zanellato, Lorenzo"]
[Result "1/2-1/2"]
[WhiteElo "1900"]
[BlackElo "1902"]
[PlyCount "148"]
[EventDate "1999.02.06"]

1. e4 c6 2. d4 d5 3. exd5 cxd5 4. c4 Nf6 5. Nc3 Nc6 6. Bg5 e6 7. cxd5 exd5 8.
Bxf6 Qxf6 9. Nxd5 Qe6+ 10. Qe2 Bd6 11. Nf3 O-O 12. Qxe6 Bxe6 13. Nc3 Nb4 14.
Kd1 Bf4 15. Bb5 a6 16. Ba4 Nd3 17. Ke2 Nxb2 18. Bb3 Rfe8 19. Bxe6 Rxe6+ 20. Kf1
Rc8 21. Nd5 Bd6 22. g3 b5 23. Ne3 Nc4 24. Nxc4 Rxc4 25. Kg2 Re2 26. Rhe1 Rcc2
27. Rxe2 Rxe2 28. Rc1 Kf8 29. Rc6 Ke7 30. Rxa6 Rb2 31. Ne5 Bxe5 32. dxe5 Re2
33. Ra5 Rb2 34. Kf3 Ke6 35. Ke3 Kxe5 36. a4 Rb3+ 37. Ke2 Rb2+ 38. Kf3 Rb3+ 39.
Kg2 Ke6 40. axb5 g6 41. Ra6+ Ke7 42. Rb6 h5 43. h4 Kd7 44. Rb7+ Ke6 45. b6 Kf6
46. Rb8 Rb2 47. Kf3 Rb5 48. b7 Rb2 49. Ke4 Rb6 50. f3 Kg7 51. Kd4 Rb1 52. Ke5
Rb5+ 53. Kd6 Rb1 54. g4 hxg4 55. fxg4 Rd1+ 56. Ke5 Rb1 57. h5 gxh5 58. gxh5
Re1+ 59. Kf4 Rf1+ 60. Ke3 Re1+ 61. Kf2 Rb1 62. h6+ Kh7 63. Kf3 Rf1+ 64. Ke4
Re1+ 65. Kd5 Rd1+ 66. Kc6 Rc1+ 67. Kd7 Rd1+ 68. Ke7 Re1+ 69. Kxf7 Rf1+ 70. Ke6
Re1+ 71. Kf5 Rf1+ 72. Ke4 Rb1 73. Rd8 Rxb7 74. Rd6 Rb5 1/2-1/2

[Event "VIII Weekend A"]
[Site "Ceriano Laghetto ITA"]
[Date "1999.02.13"]
[Round "4"]
[White "Lapiccirella, Mattia"]
[Black "Agrifoglio, Fabio"]
[Result "1-0"]
[WhiteElo "2077"]
[BlackElo "2028"]
[PlyCount "97"]
[EventDate "1999.02.06"]

1. d4 Nf6 2. c4 g6 3. Nc3 Bg7 4. e4 d6 5. Be2 Na6 6. Nf3 O-O 7. O-O c5 8. d5
Nc7 9. Nd2 e5 10. a3 Bd7 11. b4 b6 12. Nb3 Kh8 13. Bg5 h6 14. Be3 Na6 15. Qd2
Kh7 16. f3 Nh5 17. Rfc1 Nf4 18. Bf1 f5 19. g3 Nh5 20. exf5 gxf5 21. Bf2 Qe7 22.
bxc5 Nxc5 23. Nxc5 bxc5 24. Rab1 Rab8 25. Bd3 Kh8 26. Rxb8 Rxb8 27. Rb1 Rxb1+
28. Bxb1 Nf6 29. Be3 Qf8 30. Kg2 Nh5 31. Bf2 a6 32. Nd1 Kg8 33. Qc2 Bh8 34. Ne3
Ng7 35. g4 e4 36. fxe4 fxg4 37. e5 Qf3+ 38. Kg1 Nf5 39. Nxf5 Bxe5 40. Nh4 Qf7
41. Qg6+ Qxg6 42. Nxg6 Bb2 43. Bg3 Kf7 44. Bxd6 Bxa3 45. Ne5+ Ke8 46. Bg6+ Kd8
47. Nxd7 Kxd7 48. Bf4 Bb2 49. Bf5+ 1-0

[Event "VIII Weekend A"]
[Site "Ceriano Laghetto ITA"]
[Date "1999.02.13"]
[Round "4"]
[White "Tramalloni, Luca"]
[Black "Pace, Roberto"]
[Result "0-1"]
[WhiteElo "1909"]
[BlackElo "1839"]
[PlyCount "64"]
[EventDate "1999.02.06"]

1. d4 Nf6 2. c4 e6 3. Nf3 b6 4. g3 Bb7 5. Bg2 Bb4+ 6. Bd2 Bxd2+ 7. Nbxd2 Qe7 8.
Qc2 d6 9. O-O Nbd7 10. e4 e5 11. d5 O-O 12. Nh4 Rfe8 13. Qd1 a5 14. b3 Nc5 15.
Qe2 Bc8 16. h3 g6 17. a3 Nh5 18. Rfc1 Nf4 19. Qf1 Nxg2 20. Qxg2 f5 21. exf5
gxf5 22. Nhf3 Kh8 23. Kh2 Rg8 24. Qf1 e4 25. Ne1 Qg5 26. Qe2 f4 27. g4 Qe5 28.
f3 e3 29. Nd3 Nxd3 30. Qxd3 exd2 31. Qxd2 Qf6 32. Re1 Bd7 0-1

[Event "VIII Weekend A"]
[Site "Ceriano Laghetto ITA"]
[Date "1999.02.14"]
[Round "5"]
[White "Aglietti, Graziano"]
[Black "Barbero, Gerardo F."]
[Result "0-1"]
[WhiteElo "2039"]
[BlackElo "2462"]
[PlyCount "82"]
[EventDate "1999.02.06"]

1. e4 c5 2. c3 d6 3. d4 Nf6 4. dxc5 Nc6 5. Bc4 Nxe4 6. Bxf7+ Kxf7 7. Qd5+ e6 8.
Qxe4 d5 9. Qe2 Bxc5 10. Nf3 Rf8 11. O-O Kg8 12. Be3 Bd6 13. Rd1 Qc7 14. c4 Ne5
15. Nxe5 Bxe5 16. cxd5 Bxh2+ 17. Kh1 Be5 18. Nc3 Qe7 19. Qc4 Qf7 20. Qe4 Qh5+
21. Kg1 Qh2+ 22. Kf1 Qh1+ 23. Ke2 Qh5+ 24. f3 exd5 25. Nxd5 Re8 26. Rh1 Qf5 27.
Rh4 Qxe4 28. fxe4 Bxb2 29. Rah1 Be5 30. Rxh7 Be6 31. Kd3 Kf7 32. R7h5 Bxd5 33.
exd5 Rad8 34. Rf1+ Bf6 35. Bd4 Rd6 36. Rhf5 Ra6 37. Bxf6 gxf6 38. R1f2 Rg8 39.
Rb2 Ra3+ 40. Kd4 b6 41. Rf4 Rgg3 0-1

[Event "VIII Weekend A"]
[Site "Ceriano Laghetto ITA"]
[Date "1999.02.14"]
[Round "5"]
[White "Agrifoglio, Fabio"]
[Black "Galli, Fabio"]
[Result "0-1"]
[WhiteElo "2028"]
[BlackElo "1900"]
[PlyCount "72"]
[EventDate "1999.02.06"]

1. Nf3 c5 2. g3 d5 3. Bg2 e6 4. O-O Bd6 5. d3 Nf6 6. Nc3 O-O 7. e4 d4 8. Ne2
Nc6 9. Nh4 e5 10. Kh1 Bd7 11. Ng1 Rc8 12. b3 b5 13. Bh3 Bxh3 14. Nxh3 Qd7 15.
Kg2 c4 16. Bg5 Be7 17. Bxf6 Bxf6 18. Nf5 g6 19. Nh6+ Kg7 20. Qf3 cxd3 21. Ng4
Be7 22. cxd3 h5 23. Ne3 dxe3 24. fxe3 Nb4 25. Rad1 Rc2+ 26. Nf2 Rxa2 27. d4
exd4 28. exd4 Rc8 29. d5 Rcc2 30. d6 Bd8 31. Rc1 Bb6 32. Rxc2 Rxc2 33. Qd1 Qe6
34. Kh1 Bxf2 35. Rxf2 Rxf2 36. Qd4+ Qf6 0-1

[Event "VIII Weekend A"]
[Site "Ceriano Laghetto ITA"]
[Date "1999.02.14"]
[Round "5"]
[White "Barlocco, Carlo"]
[Black "Cazzaniga, Walter"]
[Result "0-1"]
[WhiteElo "2245"]
[BlackElo "2151"]
[PlyCount "126"]
[EventDate "1999.02.06"]

1. Nf3 Nf6 2. g3 g6 3. Bg2 Bg7 4. O-O O-O 5. c4 c5 6. Nc3 Nc6 7. b3 d5 8. cxd5
Nxd5 9. Bb2 b6 10. Qc1 e6 11. Nxd5 exd5 12. Bxg7 Kxg7 13. d4 Nxd4 14. Nxd4 cxd4
15. Qb2 Qf6 16. Bxd5 Bh3 17. Rfd1 Rad8 18. Qxd4 Qxd4 19. Rxd4 Rfe8 20. e3 Rc8
21. Rc4 b5 22. Rcc1 Red8 23. Bg2 Be6 24. Bc6 Rd2 25. Bxb5 Rxc1+ 26. Rxc1 Rxa2
27. Bc4 Kf6 28. Kg2 h5 29. Bxe6 fxe6 30. h4 a5 31. Rc4 Rb2 32. Rc3 Ra2 33. Kf3
Ra3 34. Rc5 Rxb3 35. Rxa5 Rb4 36. e4 Rb2 37. Ke3 Rc2 38. f3 e5 39. Ra6+ Kf7 40.
Ra3 Rg2 41. Kd3 Rxg3 42. Kc4 g5 43. hxg5 Rxg5 44. Kd5 h4 45. Kd6 Kf6 46. f4
exf4 47. Rf3 Rg4 48. e5+ Kf5 49. Ra3 Rg3 50. Ra5 Rd3+ 51. Ke7 h3 52. e6+ Kg4
53. Kf6 h2 54. Rg5+ Kf3 55. Rh5 Kg2 56. e7 Re3 57. Rg5+ Kf2 58. Rh5 Kg3 59.
Rg5+ Kh4 60. Rg8 f3 61. Kf5 Rxe7 62. Rh8+ Kg3 63. Rg8+ Kf2 0-1

[Event "VIII Weekend A"]
[Site "Ceriano Laghetto ITA"]
[Date "1999.02.14"]
[Round "5"]
[White "Candura, Stefano"]
[Black "Tramalloni, Luca"]
[Result "0-1"]
[WhiteElo "2109"]
[BlackElo "1909"]
[PlyCount "75"]
[EventDate "1999.02.06"]

1. d4 Nf6 2. Nf3 e6 3. c4 c5 4. d5 exd5 5. cxd5 d6 6. Nc3 g6 7. e4 Bg7 8. Be2
O-O 9. O-O Re8 10. Nd2 Na6 11. f3 Nc7 12. a4 b6 13. Nc4 Ba6 14. Bf4 Bxc4 15.
Bxc4 a6 16. Qd3 Nh5 17. Bd2 Qh4 18. f4 Bd4+ 19. Kh1 Nf6 20. Be1 Qh6 21. f5 Ng4
22. Bg3 Be5 23. Bxe5 Nxe5 24. Qe2 Qg5 25. b3 h5 26. Qf2 Rf8 27. Ne2 b5 28. h4
Qh6 29. axb5 axb5 30. Rxa8 Rxa8 31. fxg6 fxg6 32. Bxb5 Nxb5 33. Qf6 Rf8 34.
Qe6+ Kh8 35. Rf6 Kg7 36. Rf4 Rxf4 37. Nxf4 Kh7 38. Qe8 {...} 0-1

[Event "VIII Weekend A"]
[Site "Ceriano Laghetto ITA"]
[Date "1999.02.14"]
[Round "5"]
[White "Crippa, Gabriele"]
[Black "Pace, Roberto"]
[Result "0-1"]
[WhiteElo "2148"]
[BlackElo "1839"]
[PlyCount "102"]
[EventDate "1999.02.06"]

1. d4 Nf6 2. Nf3 e6 3. Bg5 h6 4. Bh4 c5 5. e3 Nc6 6. c3 cxd4 7. exd4 Be7 8.
Nbd2 O-O 9. Bd3 b6 10. O-O Bb7 11. Qe2 Rc8 12. Rac1 Re8 13. Nc4 Nb8 14. Bxf6
gxf6 15. Qd2 Bf8 16. Qf4 d6 17. Rfe1 f5 18. Re3 b5 19. Na3 a6 20. Rce1 Qf6 21.
Nc2 Nd7 22. Bxf5 Qxf5 23. Qxf5 exf5 24. Rxe8 Rc7 25. Nh4 Nf6 26. Rd8 Rc8 27.
Rxc8 Bxc8 28. Nb4 a5 29. Nd3 Be6 30. b3 Kh7 31. Nf4 Bd7 32. f3 h5 33. g3 Kh6
34. Kf2 Kg5 35. Nhg2 Bc6 36. h4+ Kh6 37. Ne3 Bd7 38. Ned5 Nxd5 39. Nxd5 Be6 40.
Nf4 Bd7 41. Ke3 Be7 42. Nd5 Bd8 43. Kf4 Be6 44. c4 a4 45. Ne3 Kg6 46. d5 Bd7
47. cxb5 axb3 48. a4 Bf6 49. Nc4 Bc3 50. Rb1 b2 51. Nxb2 Bd2# 0-1

[Event "VIII Weekend A"]
[Site "Ceriano Laghetto ITA"]
[Date "1999.02.14"]
[Round "5"]
[White "Vancini, Edoardo"]
[Black "Everet, Alexandro"]
[Result "0-1"]
[WhiteElo "2249"]
[BlackElo "2253"]
[PlyCount "120"]
[EventDate "1999.02.06"]

1. e4 g6 2. d4 Bg7 3. Nc3 d6 4. Bg5 c6 5. Qd2 h6 6. Bh4 Nf6 7. f4 O-O 8. Bd3 c5
9. d5 a6 10. a4 Qc7 11. Nf3 Nbd7 12. O-O c4 13. Be2 Nc5 14. e5 Nfe4 15. Nxe4
Nxe4 16. Qe3 f5 17. exf6 Nxf6 18. Nd2 Bf5 19. Bxc4 Ng4 20. Qb3 Bd4+ 21. Kh1 Ne3
22. Rf3 Bxc2 23. Qa2 b5 24. Bb3 Rac8 25. Bf2 Nf5 26. Bxd4 Nxd4 27. Rc3 Qd7 28.
Bxc2 Nxc2 29. Rc1 Rxc3 30. bxc3 Ne3 31. axb5 axb5 32. Re1 Qg4 33. g3 Nf5 34.
Ne4 Qf3+ 35. Qg2 Qd3 36. Qd2 Qc4 37. Nf2 Ra8 38. Qd3 Ra2 39. Qxc4 bxc4 40. Kg1
Kf7 41. Ne4 Rc2 42. h3 Ng7 43. Kf1 Ne8 44. Re2 Rc1+ 45. Kf2 Nc7 46. Ke3 Nxd5+
47. Kd4 Nc7 48. Nd2 d5 49. Nf3 e6 50. Ne5+ Ke7 51. Nxg6+ Kd6 52. Nf8 Rd1+ 53.
Ke3 Rd3+ 54. Kf2 Rxc3 55. Nh7 Rb3 56. Nf6 c3 57. Ng4 Nb5 58. Ke3 c2+ 59. Kd2
Nd4 60. Re1 Rxg3 0-1